La mujer en la pintura (Record no. 215)

MARC details
000 -CABECERA
campo de control de longitud fija 00717nam a2200193 a 4500
001 - NÚMERO DE CONTROL
campo de control BRCA_268
005 - FECHA Y HORA DE LA ÚLTIMA TRANSACCIÓN
campo de control 20190320202935.0
008 - DATOS DE LONGITUD FIJA--INFORMACIÓN GENERAL
campo de control de longitud fija 290508s198u----mx-a######---#000-0#spa-#
041 ## - CÓDIGO DE LENGUA
Código de lengua del texto/banda sonora o título independiente spa
044 ## - CÓDIGO DEL PAÍS DE LA ENTIDAD EDITORA/PRODUCTORA
Código MARC del país mx
050 #4 - SIGNATURA TOPOGRÁFICA DE LA BIBLIOTECA DEL CONGRESO
Número de clasificación ND1460
Número de documento/Ítem .M95 1980
245 10 - MENCIÓN DE TÍTULO
Título La mujer en la pintura
Resto del título sociedad, mito y religión.
260 ## - PUBLICACIÓN, DISTRIBUCIÓN, ETC.
Lugar de publicación, distribución, etc. México
Nombre del editor, distribuidor, etc. INBA : Patronato del Museo de San Carlos
Fecha de publicación, distribución, etc. [1980?]
300 ## - DESCRIPCIÓN FÍSICA
Extensión 123 p.
Otras características físicas il.
Dimensiones 21 cm.
Material acompañante/anejo 1 hoja suelta
500 ## - NOTA GENERAL
Nota general Catálogo de la exposición realizada en el Museo de San Carlos (Ciudad de México), [1980?]
500 ## - NOTA GENERAL
Nota general Incluye piezas de la colección Franz Mayer: p. 10-11, 18-19, 24-25, 44-45, 48-49 y 52-53
650 14 - PUNTO DE ACCESO ADICIONAL DE MATERIA--TÉRMINO DE MATERIA
Término de materia o nombre geográfico como elemento de entrada Mujeres
Subdivisión de forma Exposiciones
Subdivisión general En la pintura
9 (RLIN) 897
942 ## - ELEMENTOS DE PUNTO DE ACCESO ADICIONAL (KOHA)
Fuente del sistema de clasificación o colocación Library of Congress Classification
Tipo de ítem Koha Libros
Holdings
Estado de retiro Estado de pérdida Estado dañado No para préstamo Localización permanente Ubicación/localización actual Fecha de adquisición Total de préstamos Signatura topográfica completa Código de barras Fecha visto por última vez Precio válido a partir de Tipo de ítem Koha
El ejemplar forma parte de la colección y puede ser consultado según las políticas vigentes.       Biblioteca del Museo Franz Mayer (Rogerio Casas-Alatriste) Biblioteca del Museo Franz Mayer (Rogerio Casas-Alatriste) 25/06/2008   ND1460 .M95 1980 00326 22/03/2019 22/03/2019 Libros